عرض عادي عرض مارك
  • Sallam, abdel sattar mahamed

مدخل إسم شخص

عدد التسجيلات المستخدمة في: 1

001 - رقم الضبط

  • حقل الضبط: 44001

003 - معرف رقم الضبط

  • حقل الضبط: OSt

005 - تاريخ ووقت أخر عملية

  • حقل الضبط: 20140422170814.0

008 - عناصر بيانات ثابتة الطول

  • حقل تحكم ثابت الطول: 140422|||a|||||| | ||| d

040 ## - مصدر الفهرسة

  • هيئة الفهرسة الأصلية: OSt
  • وكالة الكتابة: OSt

100 ## - مدخل -- أسم شخص

  • إسم شخص: Sallam, abdel sattar mahamed

670 ## - بيانات المصدر موجوده

  • الاستشهاد بالمصدر: Work cat.: (OSt): Talaat, mona salah hassan 44000, Introduction to biophysics /, 2011